Biblioteca y Centro de Documentación

Discrimination at work (Registro nro. 47953)

Detalles MARC
000 -CABECERA
Longitud fija campo de control 01709nam a2200481 4500
001 - NÚMERO DE CONTROL
Número de control 47953
003 - IDENTIFICADOR DE NÚMERO DE CONTROL
Identificador del número de control ES-MaCES
005 - FECHA Y HORA DE LA ÚLTIMA TRANSACCIÓN
Fecha y hora de la última transacción 20160713115616.0
008 - CAMPO FIJO DE DESCRIPCIÓN FIJA--INFORMACIÓN GENERAL
Códigos de información de longitud fija   160711s2016 us | 000 | eng d
020 ## - ISBN (INTERNATIONAL STANDARD BOOK NUMBER)
Número Internacional Normalizado para Libros (ISBN) 9780520283800 (pbk)
020 ## - ISBN (INTERNATIONAL STANDARD BOOK NUMBER)
Número Internacional Normalizado para Libros (ISBN) 9780520959583 (ebook)
040 ## - FUENTE DE CATALOGACIÓN
Centro catalogador de origen ES-MaCES
Lengua de catalogación spa
Centro transcriptor ES-MaCES
041 1# - CÓDIGO DE IDIOMA
Código de lengua del texto;banda sonora o título independiente eng
Código de lengua original fre
100 1# - ENCABEZAMIENTO PRINCIPAL--NOMBRE PERSONAL
9 (RLIN) 37142
Nombre de persona Mercat-Bruns, Marie
245 10 - MENCIÓN DE TÍTULO
Título Discrimination at work
Resto del título : comparing European, French and American Law
Mención de responsabilidad, etc. Marie Mercat-Bruns ; translated from the french by Elaine Holt ; with a foreword by Christopher Kutz
260 ## - PUBLICACIÓN, DISTRIBUCIÓN, ETC (PIE DE IMPRENTA)
Lugar de publicación, distribución, etc. Oakland (California)
Nombre del editor, distribuidor, etc. University of California Press
Fecha de publicación, distribución, etc. [2016]
300 ## - DESCRIPCIÓN FÍSICA
Extensión XXI, 362 p.
Dimensiones 23 cm
500 ## - NOTA GENERAL
Nota general Publ. simultáneamente en francés bajo el tít.: Discriminations en droit du travail
500 ## - NOTA GENERAL
Nota general Índices
541 ## - NOTA DE LA FUENTE INMEDIANTE DE ADQUISICIÓN
Forma de adquisición Compra
650 #4 - ASIENTO SECUNDARIO DE MATERIA--TÉRMINO DE MATERIA
Término de materia o nombre geográfico como elemento inicial empleo
9 (RLIN) 28299
650 #4 - ASIENTO SECUNDARIO DE MATERIA--TÉRMINO DE MATERIA
Término de materia o nombre geográfico como elemento inicial discriminación
9 (RLIN) 27180
650 #4 - ASIENTO SECUNDARIO DE MATERIA--TÉRMINO DE MATERIA
Término de materia o nombre geográfico como elemento inicial discriminación racial
9 (RLIN) 27190
650 #4 - ASIENTO SECUNDARIO DE MATERIA--TÉRMINO DE MATERIA
Término de materia o nombre geográfico como elemento inicial discriminación religiosa
9 (RLIN) 29908
650 #4 - ASIENTO SECUNDARIO DE MATERIA--TÉRMINO DE MATERIA
Término de materia o nombre geográfico como elemento inicial discriminación por razones de sexo
9 (RLIN) 29521
650 #4 - ASIENTO SECUNDARIO DE MATERIA--TÉRMINO DE MATERIA
Término de materia o nombre geográfico como elemento inicial orientación sexual
9 (RLIN) 30741
650 #4 - ASIENTO SECUNDARIO DE MATERIA--TÉRMINO DE MATERIA
Término de materia o nombre geográfico como elemento inicial igualdad de oportunidades en el empleo
9 (RLIN) 30649
650 #4 - ASIENTO SECUNDARIO DE MATERIA--TÉRMINO DE MATERIA
Término de materia o nombre geográfico como elemento inicial legislación del trabajo
9 (RLIN) 27166
650 #4 - ASIENTO SECUNDARIO DE MATERIA--TÉRMINO DE MATERIA
Término de materia o nombre geográfico como elemento inicial derecho del trabajo
9 (RLIN) 27165
650 #4 - ASIENTO SECUNDARIO DE MATERIA--TÉRMINO DE MATERIA
Término de materia o nombre geográfico como elemento inicial comparación
9 (RLIN) 28892
650 #4 - ASIENTO SECUNDARIO DE MATERIA--TÉRMINO DE MATERIA
Término de materia o nombre geográfico como elemento inicial Estados Unidos
9 (RLIN) 28373
650 #4 - ASIENTO SECUNDARIO DE MATERIA--TÉRMINO DE MATERIA
Término de materia o nombre geográfico como elemento inicial Francia
9 (RLIN) 26943
650 #4 - ASIENTO SECUNDARIO DE MATERIA--TÉRMINO DE MATERIA
Término de materia o nombre geográfico como elemento inicial UE
9 (RLIN) 26752
650 #4 - ASIENTO SECUNDARIO DE MATERIA--TÉRMINO DE MATERIA
Término de materia o nombre geográfico como elemento inicial país de la UE
9 (RLIN) 29020
650 #4 - ASIENTO SECUNDARIO DE MATERIA--TÉRMINO DE MATERIA
Término de materia o nombre geográfico como elemento inicial entrevista
9 (RLIN) 28852
653 10 - TÉRMINO DE INDEXACIÓN--NO CONTROLADO
Término no controlado Empleo
700 1# - ENCABEZAMIENTO SECUNDARIO--NOMBRE PERSONAL
Nombre de persona Holt, Elaine
9 (RLIN) 37144
Término indicativo de función tr.
700 1# - ENCABEZAMIENTO SECUNDARIO--NOMBRE PERSONAL
Nombre de persona Kutz, Christopher
9 (RLIN) 37145
Término indicativo de función pr.
710 2# - ENCABEZAMIENTO SECUNDARIO--NOMBRE CORPORATIVO
Nombre de entidad o nombre de jurisdicción como elemento inicial University of California
9 (RLIN) 37143
Término indicativo de función ed.
740 02 - ENCABEZAMIENTO SECUNDARIO--TÍTULO ANALÍTICO/RELACIONADO NO CONTROLADO
Título relacionado o analítico no controlado Discriminations en droit du travail
902 ## - CES. TIPO DE DOCUMENTO
Tipodoc (006$c Sirtex) LIB Libro
942 ## - ELEMENTOS KOHA
Fuente de clasificaión o esquema Clasificación propia del CES
Koha [por defecto] tipo de item Monografías
Parte de clasificación Empleo
Existencias
Número de registro Signatura completa Tipo de item de Koha
087913 SG-2.1.-117 Monografías
© CES, Consejo Económico y Social de España 2021